01529nam a2200229 a 4500001000400000003000900004008004100013020001500054040002800069082001800097100002500115245005200140260005100192300001300243505065400256650002600910650002800936942001200964999001700976952015300993952015301146291CO-ViMGA141112s2004 ck r 000 u spa d a9500650304 aCO-ViMGAbspacCO-ViMGA04aR617.556 B5851 aBlumgart, L.H94802210aCirugía del hígado y de las vías biliares aBuenos Aires : bMedica PanAméricana, c1990 a2 v : il aV. 1 : Anatomía y fisiopaptología Tecnicas diagnósticas Cuidados preoperatorios y posoperatorios y anestesi Tecnicas radiológicas y endoscópicas terapeuticas Cálculos bilares y vesícula biliar Cálculos en las vías biliares Estenosis papilar y problemas poscolecistectomía Estructuras y fístulas biliares V.2 : Tumores biliares Bypass biliar y tecnicas de intubación Infecciones e infestaciones hepáticas y biliares Quistes biliares y hepáticos Lessiones traumáticas y hemorragias Tumores hepáticos Resección hepática Cirrosis e hipertensión portal Enfermedades metabólicas en el hígado Trasplante hepático14aCIRUGIA BILIAR94802314aHIGADO - CIRUGIA948024 2ddccBK c12536d12536 00102ddc40708002aMEVIECARbMEVIECARd2015-12-04hVolumen. 1 | 11/jun/2009l0oR617.556 B585 p04814r2022-10-03 00:00:00tEj. 1w2015-12-04yBK 00102ddc40708002aMEVIECARbMEVIECARd2015-12-04hVolumen. 2 | 27/ago/2009l0oR617.556 B585 p04813r2015-12-04 00:00:00tEj. 1w2015-12-04yBK